Le contrl̥e T.V.A.

Detalles Bibliográficos
Autor principal: Ceulemans, Michel
Formato: Desconocido
Lenguaje:francés
Publicado: Lig̈e : Ed. des Chambres de commerce et d'industrie de Wallonie, 2004
Materias:
Acceso en línea:Acceso restringido

MARC

LEADER 00000ny a22000003n 4500
005 20110623135139.0
008 100325s2004 be 000 0 fre d
020 |a 9782930287485 
035 |a 2409 
040 |a BUS  |d vLex 
090 |c 1201  |d 1201 
100 1 |a Ceulemans, Michel 
245 1 3 |a Le contrl̥e T.V.A.  |h [Recurso electrn̤ico]  |c Michel Ceulemans 
256 |a Servicio en ln̕ea 
260 |a Lig̈e :  |b Ed. des Chambres de commerce et d'industrie de Wallonie,  |c 2004 
300 |a v. 
506 1 |a Contenido solo disponible en los productos indicados  |d vLex Global  |d vLex Global (Academic Edition, excluding Law Schools)  |d vLex Global (U.S. Academic Edition, Law Schools)  |d vLex Global (U.S. Academic Edition, excluding Law Schools)  |d vLex Global (Academic Edition, Law Schools) 
650 0 4 |a Impuesto sobre el valor aądido  |z Bľgica 
740 0 |a vLex Libros (Servicios en ln̕ea) 
856 4 0 |u http://vlex.com/source/2409  |z Acceso restringido 
942 |c BOOK